Big numbers quiz - Statistics

General Stats
  • This quiz has been taken 28 times
  • The average score is 4 of 6
Answers on the Grid
Answers color-coded by a green-red scale on the quiz's grid according to % correct below.
Million
Gedillion
Septendecillion
Googol
Depillion
Trevigintillion
Quadocillion
Milligoogol
Quattuorvigintillion
Quinnovigintillion
Kavillion
Nonillion
 
Answer Stats
Answer % Correct
Million
94%
Googol
75%
Nonillion
69%
Septendecillion
69%
Trevigintillion
44%
Quattuorvigintillion
31%
No matching quizzes found
Score Distribution
Percent of People with Each Score
Percentile by Number Answered
Your Score History
You have not taken this quiz